Logistika

Salvato in:
Dettagli Bibliografici
Natura: Periodico
Lingua:ceco
Pubblicazione: Praha Economia 2001
Soggetti:
Tags: Aggiungi Tag
Nessun Tag, puoi essere il primo ad aggiungerne!!

MARC

LEADER 00000nas2a2200000 4500
001 0006438
005 20230217123927.9
022 |a 1211-0957 
041 0 |a cze 
044 |a CZ 
245 1 0 |a Logistika 
264 1 |a Praha  |b Economia  |c 2001 
300 |a 1 zv. 
500 |a Chýba č. 3 
773 0 |w eu_un_cat*s120054 
610 2 0 |a logistika